000 01617nam a22001457a 4500
999 _c533080
_d533080
008 260421b ||||| |||| 00| 0 eng d
100 _aBoahen, Emmanuel Adu
_960162
245 _aThe effect of female secondary education on fertility and the timing of birth: Regression discontinuity evidence from Ghana
260 _aJournal of Social and Economic Development
300 _a27(3), Dec, 2025: p.1018-1038
520 _aThe objective of this paper is to investigate the causal effect of education on fertility. The study adopts an education reform in 1987 that shortened the years of completing secondary school education in Ghana as a natural experiment. The data used for the analysis come from 10% of the 2021 Ghana Population and Housing Census. Women exposed to the reform experienced an increase in secondary school enrolment, which resulted in an overall reduction in fertility. The results obtained in this study indicate that the rise in secondary school education due to the 1987 reform extended the age at first birth. The study found knowledge acquisition, incarceration effect, opportunity cost, and autonomy as possible pathways through which secondary education affects fertility. The study broadens the scope of exploration of existing studies by identifying several mechanisms through which education affects fertility in Ghana.- Reproduced https://link.springer.com/article/10.1007/s40847-024-00373-1
650 _aFertility, Incarceration effect, Autonomy, Opportunity cost, Regression, Discontinuity, Ghana
_960163
773 _aJournal of Social and Economic Development
942 _cAR